000 00606nam a2200241Ia 4500
003 OSt
005 20220918191843.0
006 a|||||r|||| 00| 0
007 ta
008 220917b |||||||| |||| 00| 0 eng d
024 _a65,388
037 _cTextual
040 _aARTS
_cARTS
_beng
041 _2eng
_aeng
082 _aR191, J0 (PD)
100 _aRobinson Richard
_972542
245 0 _aDefinition
260 _aLondon
_bOUP
_c1950
300 _aviii,207p.
_ccm.
650 _aPHILOSOPHY
942 _hR191, J0 (PD)
_cTEXL
_2CC
999 _c191631
_d191631